Štatistika jednoducho
Salvato in:
| Autore principale: | |
|---|---|
| Natura: | Libro |
| Lingua: | slovacco |
| Pubblicazione: |
Bratislava :
Statis,
2010
|
| Edizione: | 3. vyd |
| Tags: |
Nessun Tag, puoi essere il primo ad aggiungerne!!
|
MARC
| LEADER | 00000nam a22000003a 4500 | ||
|---|---|---|---|
| 001 | stu213901 | ||
| 005 | 20220317190123.9 | ||
| 008 | 101022s2010------------------------slo-d | ||
| 020 | |a 978-80-85659-60-3 | ||
| 040 | |a STU |b slo | ||
| 041 | 0 | |a slo | |
| 044 | |a xo | ||
| 100 | 1 | |a Chajdiak, Jozef, |d 1952- |4 aut |u R2020 |9 100 |U Ostatné univerzitné pracoviská |T Ústav manažmentu STU |X 54395 |U R2020 |Y 232 |7 54395 | |
| 245 | 1 | |a Štatistika jednoducho | |
| 250 | |a 3. vyd | ||
| 260 | |a Bratislava : |b Statis, |c 2010 | ||
| 300 | |a 194 s | ||
| 996 | |b 284J040914 |c J*115686 |l JJST |s P |a 0 |w stu213901_0001 | ||
| 996 | |b 284M089018 |c M* 14614-1 |l MMKN |s A |a 24 |w stu213901_0002 | ||
| 996 | |b 284M089422 |c M* 14614-2 |l MMKN |s A |a 24 |w stu213901_0003 | ||